Most Subsidized U.S. Crops and Farms Quiz Stats

Quiz not verified by Sporcle

Challenge
Share
Tweet
Embed
Score 0/120 Timer 05:00
0 Plays Today
% Correct
Corn
95%
Corn
95%
Corn
95%
Corn
95%
Corn
95%
Corn
95%
Corn
95%
Corn
95%
Wheat
92.4%
Wheat
92.4%
Wheat
92.4%
Wheat
92.4%
Wheat
92.4%
Wheat
92.4%
Wheat
92.4%
Wheat
92.4%
Soybean
79%
Soybean
79%
Soybean
79%
Soybean
79%
Soybean
79%
Soybean
79%
Soybean
79%
Soybean
79%
Cotton
64.7%
Cotton
64.7%
Cotton
64.7%
Cotton
64.7%
Cotton
64.7%
Cotton
64.7%
Cotton
64.7%
Cotton
64.7%
Tree
60.5%
Tree
60.5%
Tree
60.5%
Barley
58%
Barley
58%
Barley
58%
Barley
58%
Barley
58%
% Correct
Barley
58%
Barley
58%
Barley
58%
Rice
57.1%
Rice
57.1%
Rice
57.1%
Rice
57.1%
Rice
57.1%
Rice
57.1%
Rice
57.1%
Rice
57.1%
Livestock
56.3%
Livestock
56.3%
Livestock (not incl. Sheep)
56.3%
Livestock
56.3%
Livestock
56.3%
Livestock
56.3%
Livestock
56.3%
Livestock
56.3%
Dry Pea
47.1%
Dry Pea
47.1%
Dry Pea
47.1%
Oat
46.2%
Oat
46.2%
Oat
46.2%
Oat
46.2%
Oat
46.2%
Tobacco
42.9%
Tobacco
42.9%
Tobacco
42.9%
Tobacco
42.9%
Sugar Beet
40.3%
Dairy
37%
Dairy
37%
Dairy
37%
Dairy
37%
Dairy
37%
Dairy
37%
Dairy
37%
Dairy
37%
% Correct
Fish
29.4%
Fish
29.4%
Peanut
27.7%
Peanut
27.7%
Peanut
27.7%
Sheep Meat
27.7%
Peanut
27.7%
Peanut
27.7%
Peanut
27.7%
Peanut
27.7%
Peanut
27.7%
Sorghum
25.2%
Sorghum
25.2%
Sorghum
25.2%
Sorghum
25.2%
Sorghum
25.2%
Sorghum
25.2%
Sorghum
25.2%
Sorghum
25.2%
Sunflower
20.2%
Sunflower
20.2%
Sunflower
20.2%
Sunflower
20.2%
Sunflower
20.2%
Sunflower
20.2%
Sunflower
20.2%
Sunflower
20.2%
Canola
17.6%
Canola
17.6%
Canola
17.6%
Canola
17.6%
Canola
17.6%
Canola
17.6%
Canola
17.6%
Canola
17.6%
Wool
15.1%
Wool
15.1%
Wool
15.1%
Wool
15.1%
Flax
11.8%

You're not logged in!

Compare scores with friends on all Sporcle quizzes.
Sign Up with Email
OR
Log In

You Might Also Like...

Show Comments

Extras

Top Quizzes Today


Score Distribution

Your Account Isn't Verified!

In order to create a playlist on Sporcle, you need to verify the email address you used during registration. Go to your Sporcle Settings to finish the process.

Report this User

Report this user for behavior that violates our Community Guidelines.

Details: